000
00332nam a22001457a 4500
020
_a
81-85419-70-1
041
_a
ENG
100
_a
Bose.R.K
245
_a
Clearing the air Better Vehicles,Better Fuels
260
_a
Delhi
_b
Teri
_c
2001
300
_a
345
650
_a
EOES
700
_a
Sundar.S,Nesamani.K.S
856
_u
M.Tech ( 7 )
999
_c
1057
_d
1057